L'arte di perdere peso /

Guardat en:
Dades bibliogràfiques
Autor principal: Fortunato, Mario, (1958- ) (Autor)
Format: Llibre
Idioma:italià
Publicat: Milano : Bompiani, 2014
Col·lecció:Tascabili Bompiani ; 1266
Etiquetes: Afegir etiqueta
Sense etiquetes, Sigues el primer a etiquetar aquest registre!

MARC

LEADER 00000nam a22000007i 4500
001 IT\ICCU\MIL\0857280
003 ItRI
005 20260115232105.0
008 140317s2014 it |||||| ||||| |||||c
020 |a 9788845276033 
040 |b ita  |c importazione bologna sebina 
041 7 |a ita  |2 ISO-639-2 
082 |a 853.9  |9 NARRATIVA ITALIANA, 1900-  |2 20 
100 1 |a Fortunato, Mario,  |d  (1958- )  |0 IT\ICCU\CFIV\082841  |4 aut 
245 1 2 |a L'arte di perdere peso /  |c Mario Fortunato. 
260 |a Milano :  |b Bompiani,  |c 2014 
300 |a 219 p. ;  |c 20 cm 
500 |a Sul frontespizio: i grandi tascabili Bompiani 
830 0 |a Tascabili Bompiani ;  |v 1266  |0 IT\ICCU\CFI\0000031 
942 |2 ddc  |c BK  |n 0 
952 |0 0  |1 0  |4 0  |6 DOC_853_914000000000000_FOR  |7 0  |9 19878  |a BO  |b BO  |d 2026-01-15  |i 17538  |l 0  |o DOC 853.914 FOR  |p BO17538  |r 2026-01-15 23:21:05  |w 2026-01-15  |x [Sebina 5] [1 v.]  |y BK  |z 1 v. 
999 |c 16946  |d 16946